| 000 | 00766cam a22002654a 4500 | ||
|---|---|---|---|
| 001 | 13231 | ||
| 003 | BD-JhCC | ||
| 005 | 20230730122334.0 | ||
| 008 | 230623s2006 nyua b 001 0 eng | ||
| 010 | _a 2005055483 | ||
| 020 | _a0393927024 | ||
| 035 | _a(BD-JhCC)13231 | ||
| 040 |
_aDLC _cDLC _dBAKER _dC#P _dDLC _dBD-JhCC |
||
| 042 | _apcc | ||
| 050 | 0 | 0 |
_aHB172 _b.V34 2006 |
| 082 | 0 | 0 |
_a338.5 _222 _bVAR 2006 |
| 100 | 1 | _aVarian, Hal R. | |
| 245 | 1 | 0 |
_aIntermediate microeconomics : _ba modern approach / _cHal R. Varian. |
| 250 | _a7th ed. | ||
| 260 |
_aNew York : _bW.W. Norton & Co., _cc2006. |
||
| 300 |
_axxiv, 715, 39 p. : _bill. ; _c25 cm. |
||
| 504 | _aIncludes bibliographical references and index. | ||
| 650 | 0 | _aMicroeconomics. | |
| 942 |
_2ddc _cREF |
||
| 999 |
_c13231 _d13231 |
||